01280nam a22003374a 4500001001200000003000800012006001900020007001500039008004100054010001700095020001500112040002100127035002000148050002600168082001700194245008300211260005900294300002400353504005100377533015200428650004000580650003500620650001500655650003000670650003300700655002900733700002000762710001700782856012600799999001700925ebr10047428CaPaEBRm u cr cn|||||||||990510s1999 nyua sb 001 0 eng c z 99030078  z0306461471 aCaPaEBRcCaPaEBR a(OCoLC)5566376414aQP535.N1bN542 1999eb04a616.07/922100aNitric oxide and infectionh[electronic resource] /cedited by Ferric C. Fang. aNew York :bKluwer Academic/Plenum Publishers,cc1999. axxv, 517 p. :bill. aIncludes bibliographical references and index. aElectronic reproduction.bPalo Alto, Calif. :cebrary,d2013.nAvailable via World Wide Web.nAccess may be limited to ebrary affiliated libraries. 0aNitric oxidexPhysiological effect. 0aNitric oxidexPathophysiology. 0aInfection. 0aNitric oxidexMetabolism. 0aImmune responsexRegulation. 7aElectronic books.2local1 aFang, Ferric C.2 aebrary, Inc.40uhttp://site.ebrary.com/lib/rucke/Doc?id=10047428zAn electronic book accessible through the World Wide Web; click to view c73661d73661